| 000 | 01553cam a2200397 a 4500 | ||
|---|---|---|---|
| 001 | 13734220 | ||
| 003 | PILC | ||
| 005 | 20150826105536.0 | ||
| 008 | 040928s2004 nyua b 001 0ceng | ||
| 010 | _a 2004269377 | ||
| 020 | _a0385503245 | ||
| 040 |
_aDLC _cDLC _dDLC |
||
| 043 | _an-us--- | ||
| 050 | 0 | 0 |
_aE 747 _b.K45 2004 |
| 082 | 0 | 0 | _a929/.2/0973 |
| 100 | 1 | _aKelley, Kitty. | |
| 245 | 1 | 4 |
_aThe family : _bthe real story of the Bush dynasty / _cKitty Kelley. |
| 260 |
_aNew York : _bDoubleday, _c2004. |
||
| 300 |
_axxviii, 705 pages : _billustrations ; _c25 cm. |
||
| 500 | _aIncludes bibliographical references and index. | ||
| 600 | 3 | 0 | _aBush family. |
| 600 | 1 | 0 |
_aBush, Prescott Sheldon, _d1895-1972. |
| 600 | 1 | 0 |
_aBush, George, _d1924- |
| 600 | 1 | 0 |
_aBush, George W. _q(George Walker), _d1946- |
| 600 | 1 | 0 | _aBush, Jeb. |
| 650 | 0 |
_aPoliticians _zUnited States _vBiography. |
|
| 650 | 0 |
_aPresidents _zUnited States _vBiography. |
|
| 650 | 0 |
_aChildren of presidents _zUnited States _vBiography. |
|
| 650 | 0 |
_aGovernors _zUnited States _vBiography. |
|
| 856 | 4 | 2 |
_3Contributor biographical information _uhttp://www.loc.gov/catdir/bios/random051/2004269377.html |
| 856 | 4 | 1 |
_3Sample text _uhttp://www.loc.gov/catdir/samples/random051/2004269377.html |
| 856 | 4 | 2 |
_3Publisher description _uhttp://www.loc.gov/catdir/description/random051/2004269377.html |
| 906 |
_a7 _bcbc _corignew _d1 _eocip _f20 _gy-gencatlg |
||
| 942 |
_2lcc _cBK |
||
| 999 |
_c288501 _d288501 |
||